| 000 | 01150nam a22001697a 4500 | ||
|---|---|---|---|
| 003 | OSt | ||
| 005 | 20260521112041.0 | ||
| 008 | 260521b |||||||| |||| 00| 0 eng d | ||
| 022 | _a1871-515X | ||
| 040 | _cDDC | ||
| 041 | _hEnglish | ||
| 245 | _aUtraecht Law Review | ||
| 260 |
_aUtrecht _bUtrecht University School of Law |
||
| 500 | _aThe Utrecht Law Review is an open access, peer-reviewed journal which aims to offer an international academic platform for multidimensional legal research, i.e., research in which authors cross the boundaries of their own legal system or field. Authors may do so by conducting cross-country comparative legal research, connecting one legal field with another (e.g., private law with criminal law), or enriching legal analysis through reliance on disciplines other than law (e.g., philosophy, economics, political science, public administration, technology studies). Authors should make sure that the law occupies a central position in their analysis. The journal was established in 2005 and is affiliated to the Utrecht University School of Law | ||
| 856 | _uhttps://utrechtlawreview.org/ | ||
| 942 |
_2ddc _cPR |
||
| 999 |
_c241482 _d241482 |
||